00627cam a22002057a 4500003000500000005001700005008004100022010001000063011001000073035001000083040000900093100002100102245006300123260006500186300001800251490004300269650002800312710003800340830004300378CHAP20220329134227.0971013s1965 r 00010 d a17267 a18239 a22324 cCHAP00aJohnson, Neil W. 0aPlaneacion de granjas para obtener estabilidad y ganancias aMéxico, D.F., :bCentro Regional de Ayuda Técnica,c1965 a47 p.b: ilus 0aUSDA. Boletín de Agriculturav; 196514aEmpresas agropecuarias.0 aE.U.A. Department of Agriculture.0 aUSDA. Boletín de Agriculturav; 1965